000 00456nam a2200181Ia 4500
001 14589
005 20260306164925.0
008 260306t2013||||xx |||||||||||||| ||spa||
041 _aESP
082 _a515.33
_bV47P
100 _aVera Lazáro, Alejandro
_eAUT
245 0 _aCálculo diferencial con MATLAB:
_bproblemas resueltos
260 _c2013
300 _a318 páginas :
_c25 cm.
650 _aGEN
654 _aCMA
942 _cLIB
_dJUS
_fJUS
_2ddc
_n
999 _c14589
_d14589